Music Trivia: Music Theory - Statistics

General Stats
  • This quiz has been taken 350 times
    123 since last reset
  • The average score is 7 of 15
Answer Stats
Hint Answer % Correct
How many beats per measure are in a waltz time signature? 3
97%
How many sharps are in the key signature for E major? 4
95%
What major key signature has 7 flats? C flat
64%
What note needs to be added to a dominant chord in the key of C Major to make it a dominant 7 chord? F
64%
How many tones were typically emphasized in the serial compositions of Alban Berg and Anton Webern? 12
57%
What note would replace the e flat to change an A diminished chord to an A minor chord? E natural
51%
Is the use of a C# in the key of A Major non-diatonic? No
48%
What is the top note of an interval of an augmented 4th based on G flat? C
45%
What precise interval is indicated by the span from b flat to f natural? A perfect fifth
43%
Is a chord built on the supertonic in a major key; Major, minor, augmented or diminished? Minor
40%
Is the subtonic chord in natural minor; Major, minor, diminished or augmented? Minor
35%
What is the name of a chord spelled; A flat, C, E ? A flat augmented
27%
What 3 notes comprise those of a textbook dominant chord in A flat Major? E flat g b flat
25%
Name one type of nonharmonic tone or non chord tone (you only need one of ten of the most commonly accepted answers but you must spell it correctly) Suspension or passing tone or appoggiatura or anticipation or changing tone or pedal point or retardation or escape tone or neighbor tone or portamento
15%
What is the precise interval from the mediant up to the submediant in a Major key? A perfect fourth
12%
No matching quizzes found
Score Distribution
Percent of People with Each Score
Percentile by Number Answered
Your Score History
You have not taken this quiz since the last reset